000 00593nam a2200169Ia 4500
008 090122s9999 xx 000 0 und d
082 _b2404
_a808.899282
100 _aगोखले
_bगो
_cसी
245 _aज्ञानसागरातील शिंपले (भाग 3)
260 _bयशवंत
300 _a212
600 _aगोखले
630 _aज्ञानसागरातील शिंपले (भाग 3)
700 _aगोखले
730 _aज्ञानसागरातील शिंपले (भाग 3)
942 _cBOOK
999 _c26482
_d26482